000 00541nam a2200205Ia 4500
003 GCL
008 140319s9999 xx 000 0 eng d
040 _aGCL /
_cGCL
082 0 4 _a509
_bH I
100 1 _aHILL, DONALD R.
245 1 0 _aISLAMIC SCIENCE AND ENGINEERING /
_cHILL, DONALD R.
260 _a[S.N] :
_bEDINBURGH UNIVERSITY PRESS ،
_c1993
300 _a250 P
650 0 4 _aالتحليل الرياضى
650 0 4 _aنجد
650 0 4 _aISLAM - SCIENCE
650 0 4 _aCHEMISTRY
650 0 4 _aMATHEMATICS
942 _2ddc
_cBK
999 _c24234
_d24234